| 000 -LEADER |
| fixed length control field |
02508 a2200229 4500 |
| 020 ## - INTERNATIONAL STANDARD BOOK NUMBER |
| International Standard Book Number |
0471396877 |
| 020 ## - INTERNATIONAL STANDARD BOOK NUMBER |
| International Standard Book Number |
9780471396871 |
| 082 04 - DEWEY DECIMAL CLASSIFICATION NUMBER |
| Classification number |
394.26068 |
| 090 ## - LOCALLY ASSIGNED LC-TYPE CALL NUMBER (OCLC); LOCAL CALL NUMBER (RLIN) |
| -- |
1062 |
| -- |
1062 |
| 100 1# - MAIN ENTRY--PERSONAL NAME |
| Personal name |
Goldblatt, Joe. |
| 245 10 - TITLE STATEMENT |
| Title |
Special events : |
| Remainder of title |
twenty-first century global event management / |
| Statement of responsibility, etc. |
Joe Goldblatt. |
| 250 ## - EDITION STATEMENT |
| Edition statement |
3nd ed. |
| 260 ## - PUBLICATION, DISTRIBUTION, ETC. |
| Place of publication, distribution, etc. |
[S.l.] : |
| Name of publisher, distributor, etc. |
Wiley, |
| Date of publication, distribution, etc. |
2001. |
| 300 ## - PHYSICAL DESCRIPTION |
| Extent |
488 p. ; |
| Dimensions |
24 cm. |
| 490 1# - SERIES STATEMENT |
| Series statement |
The wiley event management series. |
| 500 ## - GENERAL NOTE |
| General note |
Hardcover. |
| 520 ## - SUMMARY, ETC. |
| Summary, etc. |
THE WILEY EVENT MANAGEMENT SERIES From the foremost authority on event management The only comprehensive guide to the research, design, coordination, evaluation, and marketing of all types of special events The future is bright for event managers equipped with the essential training and skills required to research, plan, schedule, organize, and market special events anywhere in the world. In this Third Edition of his definitive guide to the profession, Dr. Joe Goldblatt, CSEP, imparts the logistical know-how and the theoretical understanding needed to take advantage of the countless opportunities in this rapidly growing field. From developing the event vision to managing vendor contracts, from event advertising to the latest in event management technology, Dr. Goldblatt provides authoritative guidance on every aspect of this complex and demanding profession. This outstanding new edition: * Includes over 35 inspiring and helpful new photographs * Features real-world case studies in 21st-century event management * Emphasizes the growing globalization of the profession * Examines new technologies, including the Internet and new software packages * Prepares candidates to pass the Certified Special Events Professional (CSEP) exam The Wiley Event Management Series-Series Editor, Dr. Joe Goldblatt, CSEP The Wiley Event Management Series provides professionals with the essential knowledge and cutting-edge tools they need to excel in one of the most exciting and rapidly growing sectors of the hospitality and tourism industry. Written by recognized experts in the field, the volumes in the series cover the research, design, planning, coordination, and evaluation methods as well as specialized areas of event management. |
| 830 #4 - SERIES ADDED ENTRY--UNIFORM TITLE |
| Uniform title |
The wiley event management series. |
| 856 40 - ELECTRONIC LOCATION AND ACCESS |
| Materials specified |
Amazon.com |
| Uniform Resource Identifier |
<a href="http://www.amazon.com/exec/obidos/ASIN/0471396877/chopaconline-20">http://www.amazon.com/exec/obidos/ASIN/0471396877/chopaconline-20</a> |
| 856 40 - ELECTRONIC LOCATION AND ACCESS |
| Materials specified |
Amazon customer reviews |
| Uniform Resource Identifier |
<a href="http://www.chopac.org/cgi-bin/tools/azrev.pl?q=0471396877">http://www.chopac.org/cgi-bin/tools/azrev.pl?q=0471396877</a> |
| 942 ## - ADDED ENTRY ELEMENTS (KOHA) |
| Institution code [OBSOLETE] |
NBS |
| Koha item type |
Book |
| Call number prefix |
349.26068 GOL |